10 Diesel Engines in thomas and friends - Statistics

General Stats
  • This quiz has been taken 183 times
  • The average score is 8 of 10
Answer Stats
Hint Answer % Correct
black and devious Diesel
100%
diesel who is out to get any steam engine or human Diesel 10
98%
diesel railcar Daisy
87%
works at ffarquhar quarry Mavis
85%
friendly green diesel BoCo
80%
twin with facial hair who works at the smelters Iron Bert
80%
twin with no facial hair who works at the smelters Iron Arry
76%
Friendly little orange diesel Rusty
74%
diesel who wanted to help out bill and ben at claypits Derek
57%
diesel who could not pull the express Class 40
37%
No matching quizzes found
Score Distribution
Percent of People with Each Score
Percentile by Number Answered
Your Score History
You have not taken this quiz